| 000 | 00624nam a2200229 a 4500 | ||
|---|---|---|---|
| 001 | 18657 | ||
| 003 | BD-RjUL | ||
| 005 | 20211209000321.0 | ||
| 008 | 140222r1968 enk 000 1 eng d | ||
| 035 | _aoxf98005681 | ||
| 035 | _a(BD-RjUL)18715 | ||
| 040 |
_aBOS _cBOS _dBD-RjUL _beng |
||
| 041 | _aeng | ||
| 082 |
_a823.9 _bMOJ 1968 |
||
| 100 | 1 |
_aMorgan, Charles, _d1894-1958. _957459 |
|
| 245 | 1 | 4 |
_aThe judge's story / _cby Charles Morgan |
| 260 |
_aLondon : _bThe Reprint Society, _c1968. |
||
| 300 |
_a217 p. : _c19 cm |
||
| 500 | _aReprint of the Macmillan 1947 ed. | ||
| 942 |
_2ddc _cBK |
||
| 999 |
_c18657 _d18657 |
||